The cost of buying your freehold or extending your lease. Report no. 4 Leasehold Valuation Tribunal decisions from 17.9.98 to 24.11.99. (Record no. 100276)

MARC details
000 -LEADER
fixed length control field 01106cam a2200301 4500
001 - CONTROL NUMBER
control field J104723
008 - FIXED-LENGTH DATA ELEMENTS--GENERAL INFORMATION
fixed length control field 000000n2000 000 0 eng u
020 ## - INTERNATIONAL STANDARD BOOK NUMBER
International Standard Book Number 0952223244
035 ## - SYSTEM CONTROL NUMBER
System control number (Sirsi) u104723
050 ## - LIBRARY OF CONGRESS CALL NUMBER
Classification number 346.4104346
100 ## - MAIN ENTRY--PERSONAL NAME
Personal name Curran, Timothy
110 ## - MAIN ENTRY--CORPORATE NAME
Corporate name or jurisdiction name as entry element Leasehold Enfranchisement Limited
9 (RLIN) 3561
245 #4 - TITLE STATEMENT
Title The cost of buying your freehold or extending your lease. Report no. 4 Leasehold Valuation Tribunal decisions from 17.9.98 to 24.11.99.
260 ## - PUBLICATION, DISTRIBUTION, ETC.
Place of publication, distribution, etc. London
Name of publisher, distributor, etc. Leasehold Enfranchisement limited
Date of publication, distribution, etc. 2000
300 ## - PHYSICAL DESCRIPTION
Extent (34)p. ; 30cm.
350 ## - PRICE (NR) (BK AM CF MU VM SE) [OBSOLETE]
Price 35.00
520 ## - SUMMARY, ETC.
Summary, etc. A summary and analysis of LVT decisions on flat owners' claims under the Leasehold Reform, Housing and Urban Development Act 1993.
650 ## - SUBJECT ADDED ENTRY--TOPICAL TERM
Topical term or geographic name entry element COLLECTIVE ENFRANCHISEMENT
650 ## - SUBJECT ADDED ENTRY--TOPICAL TERM
Topical term or geographic name entry element FLATS
650 ## - SUBJECT ADDED ENTRY--TOPICAL TERM
Topical term or geographic name entry element FREEHOLD PURCHASE
650 ## - SUBJECT ADDED ENTRY--TOPICAL TERM
Topical term or geographic name entry element LANDS TRIBUNAL
650 ## - SUBJECT ADDED ENTRY--TOPICAL TERM
Topical term or geographic name entry element LEASE EXTENSIONS
650 ## - SUBJECT ADDED ENTRY--TOPICAL TERM
Topical term or geographic name entry element LEASEHOLD ENFRANCHISEMENT
650 ## - SUBJECT ADDED ENTRY--TOPICAL TERM
Topical term or geographic name entry element LEASEHOLD REFORM, HOUSING AND URBAN DEVELOPMENT ACT 1993
650 ## - SUBJECT ADDED ENTRY--TOPICAL TERM
Topical term or geographic name entry element LEASEHOLD VALUATION TRIBUNALS
690 ## - LOCAL SUBJECT ADDED ENTRY--TOPICAL TERM (OCLC, RLIN)
Topical term or geographic name as entry element Landlord and tenant
9 (RLIN) 6252
942 ## - ADDED ENTRY ELEMENTS (KOHA)
Suppress in OPAC 0
Holdings
Withdrawn status Lost status Source of classification or shelving scheme Damaged status Not for loan Home library Current library Shelving location Date acquired Cost, normal purchase price Total Checkouts Full call number Barcode Date last seen Date last checked out Copy number Cost, replacement price Price effective from Koha item type
    Dewey Decimal Classification     London London Basement 05/10/2000 35.00 14 BASEMENT 30062154 06/08/2019 06/12/2005 1 35.00 06/08/2019 Book